A józan észtől mentesen? a képviselői mentelmi jog nem a bűnözés legalizálását szolgálja

Podrobná bibliografia
Hlavný autor: Lovász, Attila, 1963- (Autor)
Médium: Článok
Jazyk:maďarčina
ISSN:1335-7050
Predmet:

MARC

LEADER 00000nab a2200000 ar4500
001 vtls010103616
003 SK-MaSNL
005 20260319070727.0
008 100607c20100517xo |||||||| 000 b|hun
015 |a SNBRB2010/05  |2 snkbucl 
038 |a SNKBUCL 
040 |a DSZK  |b slo  |c DSZK  |e AACR2 
041 0 |a hun 
044 |a xo  |c SK 
080 |a 342.534.2  |2 2001 
080 |a 347.174:342.534  |2 2001 
100 1 |a Lovász, Attila,  |d 1963-  |4 aut  |9 267232 
245 1 0 |a A józan észtől mentesen?  |b a képviselői mentelmi jog nem a bűnözés legalizálását szolgálja  |c Lovász Attila 
650 0 7 |a poslanci  |2 SNKPH  |9 1797 
650 0 7 |a poslanecká imunita  |2 snkbucl  |9 1331 
655 7 |a názory  |2 SNKPH  |9 314429 
773 0 |t Új szó  |g Évf. 63, sz. 111 (17.5.2010), o. 5  |x 1335-7050 
852 |a SNK  |b KIS3GCP 
852 |a DSZK  |b KIS3GCP 
958 |a HU 
958 |a SK 
999 |c 1784580  |d 1786510